| 000 | 00413cam a2200169ua 4500 | ||
|---|---|---|---|
| 020 | _c1.25 | ||
| 041 |
_amal _h |
||
| 082 |
_a500 _bBHA/SA |
||
| 100 | _aBhaskara Panikker, B T. | ||
| 245 |
_aSayansinte Sandesham / _cP T Bhaskara Panikker. _hTextual Documents |
||
| 260 |
_aThrissur : _bCurrent Books , _c1958. |
||
| 300 | _a88 ; . | ||
| 365 | _a1.25 | ||
| 504 | _a | ||
| 942 | _cBK | ||
| 999 |
_c5051 _d5051 |
||